Wage structure in the informal sector (Record no. 20533)

000 -LEADER
fixed length control field 00418pab a2200145 454500
008 - FIXED-LENGTH DATA ELEMENTS--GENERAL INFORMATION
fixed length control field 180718b1987 xxu||||| |||| 00| 0 eng d
100 ## - MAIN ENTRY--PERSONAL NAME
Personal name Miltar, Vishwa
245 ## - TITLE STATEMENT
Title Wage structure in the informal sector
Remainder of title The case of a class I city in Punjab
260 ## - PUBLICATION, DISTRIBUTION, ETC.
Date of publication, distribution, etc. 1987
300 ## - PHYSICAL DESCRIPTION
Extent 41-50
362 ## - DATES OF PUBLICATION AND/OR SEQUENTIAL DESIGNATION
Dates of publication and/or sequential designation Sept.
650 ## - SUBJECT ADDED ENTRY--TOPICAL TERM
Topical term or geographic name entry element Wages - India - Punjab
773 ## - HOST ITEM ENTRY
Main entry heading National Council of Applied Economic Research
909 ## -
-- 20533
Holdings
Withdrawn status Lost status Damaged status Not for loan Permanent Location Current Location Date acquired Serial Enumeration / chronology Barcode Date last seen Price effective from Koha item type
        Indian Institute of Public Administration Indian Institute of Public Administration 2018-07-19 Volume no: 19, Issue no: 4 AR20602 2018-07-19 2018-07-19 Articles

Powered by Koha